Most Expensive Transfers in English Football by Year - Statistics

General Stats
  • This quiz has been taken 4,889 times
    4,637 since last reset
  • The average score is 17 of 32
Answer Stats
Season Player Name % Correct
2007-08 Fernando Torres
81%
2010-11 Fernando Torres
81%
1993-94, 1994-95, 1998-99, 2001-02, 2002-03, 2004-05 Manchester United
77%
2003-04, 2005-06, 2006-07, 2010-11, 2012-13 Chelsea
76%
1995-96, 1999-2000, 2007-08 Liverpool
76%
1992-93 Alan Shearer
73%
1996-97 Alan Shearer
73%
1997-98 (Tie), 2013-14 Arsenal
72%
2008-09, 2009-10, 2011-12 Manchester City
72%
2013-14 Mesut Özil
72%
2012-13 Eden Hazard
71%
2004-05 Wayne Rooney
67%
2011-12 Sergio Agüero
65%
1996-97 Newcastle United
60%
2000-01 Rio Ferdinand
59%
2002-03 Rio Ferdinand
59%
1992-93 Blackburn Rovers
52%
2000-01 Leeds United
49%
2008-09 Robinho
49%
2006-07 Andriy Shevchenko
47%
1994-95 Andy Cole
46%
2009-10 Carlos Tévez
45%
2001-02 Juan Sebastián Verón
41%
1998-99 Dwight Yorke
33%
1993-94 Roy Keane
33%
2005-06 Michael Essien
28%
1999-2000 Emile Heskey
27%
1997-98 (Tie) Marc Overmars
23%
1997-98 (Tie) Aston Villa
22%
2003-04 Damien Duff
20%
1995-96 Stan Collymore
18%
1997-98 (Tie) Stan Collymore
18%
No matching quizzes found
Score Distribution
Percent of People with Each Score
Percentile by Number Answered
Your Score History
You have not taken this quiz since the last reset